000 00378nam a2200133Ia 4500
008 211109s9999||||xx |||||||||||||| ||und||
082 _a302.14
_bMJA-R
100 _aM J Akbar,
245 0 _aRiot After Riot
260 _bCurrent Books
_aKottayam Bn 795
_c1900
630 _xGENERAL STACK
650 _aSocial Science
_vSocial Science
_xSocial interactionGeneralia
942 _cBOOK
999 _c39496
_d39496